| 000 | 00659nam a22002057a 4500 | ||
|---|---|---|---|
| 005 | 20251108175851.0 | ||
| 008 | 250721s2019 xx 000 0 ara d | ||
| 082 | 1 | 4 | _aط/ق/يوج |
| 100 | 1 | _aيوجن، يو | |
| 245 | 1 | 0 | _aلا تخبر الاخرين اطلاقا / |
| 264 | 1 |
_aالدمام : _bمركز الادب العربي للنشر و التوزيع، _c2019. |
|
| 300 | _a127ص. | ||
| 650 | 1 | 7 | _aالادب الصيني |
| 650 | 1 | 7 | _aالادب المترجم |
| 650 | 1 | 7 | _aالقصص القصيرة |
| 653 | _aناشئون صغار(10-14)سنة | ||
| 700 | 1 |
_aمحمود، ياسر _eمترجم |
|
| 942 |
_2ddc _cBK |
||
| 999 |
_c144303 _d144303 |
||